| Tag |
First Indicator |
Second Indicator |
Subfields |
| LEADER |
00000cam a2200000 4500 |
| 001 |
in00000045454 |
| 005 |
20151007073105.0 |
| 008 |
730205s1964 iluc b 00000 eng u |
| 010 |
|
|
|a 64012253
|
| 035 |
|
|
|a (OCoLC)00552300
|
| 035 |
|
|
|9 AAE9105AM
|
| 040 |
|
|
|c WSU
|d TXA
|d UtOrBLW
|
| 041 |
1 |
|
|a eng
|a fre
|
| 049 |
|
|
|a TXAM
|c [453010]
|
| 050 |
|
0 |
|a QE501
|b .L2513 1964
|
| 092 |
|
|
|a 551.35
|b L215h, 1964
|
| 100 |
1 |
|
|a Lamarck, Jean Baptiste Pierre Antoine de Monet de,
|d 1744-1829.
|
| 245 |
1 |
0 |
|a Hydrogeology /
|c Translated by Albert V Carozzi.
|
| 264 |
|
1 |
|a Urbana :
|b University of Illinois Press,
|c 1964.
|
| 300 |
|
|
|a vi, 152 pages :
|b portrait ;
|c 24 cm.
|
| 336 |
|
|
|a text
|b txt
|2 rdacontent
|
| 337 |
|
|
|a unmediated
|b n
|2 rdamedia
|
| 338 |
|
|
|a volume
|b nc
|2 rdacarrier
|
| 504 |
|
|
|a Bibliographical footnotes.
|
| 650 |
|
0 |
|a Geology.
|
| 650 |
|
0 |
|a Hydrology.
|
| 999 |
|
|
|a MARS
|
| 999 |
f |
f |
|s bd2ea2d4-b223-3f4d-8845-96ec5875cd88
|i 9b42f7ea-c4ae-39d7-b207-5936848205cb
|t 0
|
| 952 |
f |
f |
|p ric
|a Texas A&M University
|b Rellis Campus
|c Joint Library Facility
|d Remote Storage
|t 0
|e QE501 .L2513 1964
|h Library of Congress classification
|i unmediated -- volume
|m A14800951452
|
| 998 |
f |
f |
|a QE501 .L2513 1964
|t 0
|l Remote Storage
|